| 000 | 04672nam a22004097a 4500 | ||
|---|---|---|---|
| 001 | BRCA_4906 | ||
| 002 | T-65 | ||
| 003 | FranzMayer | ||
| 005 | 20260505162505.0 | ||
| 006 | a||||gr|||| 00| 0 | ||
| 007 | ta | ||
| 008 | 260326s1885 fr ab||gr|||| 00| 0 fre d | ||
| 040 |
_aBMFM _bspa |
||
| 041 | 0 | _afre | |
| 050 | 4 |
_aF1215 _bCh36 2 1885 |
|
| 100 | 1 |
_aCharnay, Desiere _d(1828-1915) _96275 |
|
| 245 | 1 | 4 |
_aLes Anciennes Villes du Nouveau Monde Voyages d´explorations au Mexique et dans l´Amerique Centrale, 1857-1882 : _bOuvrage contenant 214 gravures et 19 cartes ou plans / _cDesiere Charnay |
| 246 | 1 | 1 | _aLas ciudades antiguas del nuevo Mundo: Viajes y exploraciones en México y América Central, 1857-1882 |
| 260 |
_aParis, Francia : _bLibrairie Hachette et cie 79, Boulevard Saint-Germain, 79 , _c1885 |
||
| 300 |
_aXII [12], 469, [6] páginas : _bGrabados ; _c35.5 x 26.5 x 5 cm |
||
| 520 | 3 |
_aEsta obra reúne las expediciones realizadas por el explorador y arqueólogo francés Désiré Charnay en México entre 1857 y 1882, con especial énfasis en su segundo y tercer viaje. El libro está dedicado a Monsieur Pierre Lorillard, quien financió las investigaciones de Charnay con el objetivo de esclarecer los misterios de las antiguas civilizaciones del continente americano.Ofrece una detallada narración de los recorridos de Charnay por distintas regiones de México, junto con un estudio arqueológico de los vestigios precolombinos que encontró. En el libro, Charnay sostiene la controvertida tesis de que todas las civilizaciones mesoamericanas tienen un origen común, relativamente reciente, y que son esencialmente toltecas. _bIncluye más de doscientos grabados calcográficas realizados por dieciocho artistas (entre ellos A. de Bar, H. Catenacci, Riou y H. Toussaint), que ilustran recintos arqueológicos, bajorrelieves, deidades, gobernantes, y escenas de la vida cotidiana de los habitantes de los sitios visitados.Además de sus observaciones personales, el viajero incluyó varias referencias a otros cronistas y viajeros como Sahagún, Humboldt, Torquemada y Diego Durán. |
|
| 563 | _aOtras referencias físicas: Media encuadernación con puntas en piel y papel. El papel del cuerpo del libro está formado por pulpa no identificada (química o mixta), hecho a máquina. El cuerpo del libro está formado por cuadernillos unidos mediante costura alternada sobre cuatro soportes, al parecer sencillos y ocultos, de cordel; las prolongaciones se usaron para unir el cuerpo a la cartera. Hojas de guarda decoradas. Lomera con cajo. Endose entero de tela con papel. Cabezadas industriales adheridas. Cantos refinados; el canto de cabeza está pulido y dorado. Soportes de las tapas de cartón. Decoración con líneas doradas en las tapas; el lomo está dividido en seis casillas, mediante 5 costillas aparentes. Todas las costillas y las casillas 1, 3, 4, 5 y 6 están decoradas con dorado; la casilla 2 tiene el autor y el título grabados en dorado; la casilla 6 tiene el año grabado en dorado. Texto impreso | ||
| 591 | _aEstado de Conservación: Regular | ||
| 591 | _bDescripción de conservación: Suciedad en primeras hojas, roturas mínimas en hojas, cantos de las tapas, costillas y cofias abrasionadas, puntas desnudas, cañuela interna anterior rota, levantamiento de última capa de piel en algunas zonas | ||
| 592 | _aMarcas Adicionales: Antecediendo a la portada incluye un retrato de Désiré Charnay, firmado por E. Ronjat y H. Phiriat. Grabados realizados por A. de Bar, Barclay, H. Catenacci, H. Chapuis, Delahyae, P. Fritel, C. Gilbert, D. Lancelot, P. Langlois, Riou, E. Ronjat, P. Sellier, J. Guiad, A. Sirouy, Slom, T. Taylor, Thuillier, H. Toussaint. Mapa a color: <<Mexique: Carte des Migrations Tolteques d'apres les explorations de Désiré Charnay, gravé et imprimé par Erhard, 35bis, rue Denfert-Rochereau >> Incluye la nota: <<Les noms correspondants á la période toltéque sont écrits en caractéres gras: Uxmal>>. Incluye <<Tables des gravures cartes et planes>> página [459] y <<Table des matières>> página [465] | ||
| 593 | _aLibros de viaje y de viajeros | ||
| 650 | 1 | 0 |
_aIndigenous Peoples of Mexico _xAntiquities _930141 |
| 650 | 1 | 0 |
_aToltecs _930142 |
| 650 | 1 | 0 |
_aExplorers _y19th century _zFrance _930143 |
| 650 | 1 | 0 |
_aArcheology _xHistory _zMexico _930144 |
| 651 | 0 |
_aMexico _xAntiquities _930145 |
|
| 651 | 0 |
_aMexico _xDescription and travel _y19th century _930146 |
|
| 856 | 4 | 1 |
_qTIF//PDF _uhttps://bibliotecadigital.franzmayer.org.mx/items/bc0abd39-c035-4574-82b4-a71107fa0cd4 _yBiblioteca Digital Franz Mayer |
| 902 |
_aKH _aFM _aTV |
||
| 942 |
_2lcc _cB |
||
| 960 | _aCS-L3-N2 | ||
| 999 |
_c11108 _d11108 |
||